LEADER 00801naa a2200205 u 4500 001 000000099522 003 CaOOAMICUS 005 20070226130159.0 008 051004s1996 it u000 u ita u 035 $a11061505 040 $aIAR$bita 100 1 $aLaras, Giuseppe,$d1935-$0(OLS)http://pul/name/53121 245 13$aLa dottrina di Maimonide sulla profezia /$cGiuseppe Laras. 260 $aBologna :$bEd. Dehoniane,$c1996. 300 $aS. 335-348 ;$c22 cm 730 0 $aCristianesimo nella storia$g[Spogli].$0(OLS)http://pul/title/7312 773 0 $aCristianesimo nella storia ;.$tvol. XVII (1996) 773 0 $tCristianesimo nella storia$w()5012 996 $6245$aLa dottrina di Maimonide sulla profezia$9(OLS)http://pul/title/126400 996 $6260$aBologna :$bEd. Dehoniane$9(OLS)http://pul/publisher/48282 LEADER 01842nam a2200385 a 4500 001 000000141008 003 CaOOAMICUS 005 20141218130031.0 008 141218s2014 it u000 u ita r 020 $a978-88-452-7802-0 040 $aPUL$bita 041 1 $aita$hger 082 04$a190 100 1 $aHeidegger, Martin,$d1889-1976.$0(OLS)http://pul/name/5737 240 10$aLeitgedanken zur Entstehung der Metaphysik, der neuzeitlichen Wissenchaft und der modernen Technik.$lItaliano e tedesco.$0(OLS)http://pul/title/178435 245 10$aPensieri-guida sulla nascita della metafisica, della scienza contemporanea e della tecnica moderna /$cMartin Heidegger ; a cura di Tommaso Scappini ; postfazione all'edizione tedesca di Claudius Strube. 260 $aMilano :$bBompiani,$c2014. 300 $aVIII, 771 p. ;$c22 cm 490 1 $aBompiani Il pensiero occidentale 500 $aComprende indici. 504 $aBibliografia in nota. 546 $aTesto tedesco a fronte. 650 4$aMetafisica$xStudi.$0(OLS)http://pul/subject/8506 700 1 $aScappini, Tommaso.$0(OLS)http://pul/name/78988 700 1 $aStrube, Claudius.$0(OLS)http://pul/name/39134 830 0$aBompiani Il pensiero occidentale.$0(OLS)http://pul/title/99836 850 $aPUL 852 $aPUL$W1$xSL Filosofia 3$y81$m190 COLL 2.192$j162773$b $qDDC 21$B162441$CPULBib$Z2$F162441 $H125178 $81 941 1 $a9 983 3$aIl pensiero occidentale (Bompiani) 996 $6020$a978-88-452-7802-0$9(OLS)http://pul/number/156617 996 $6082$a190$9(OLS)http://pul/classification/123 996 $6245$aPensieri-guida sulla nascita della metafisica, della scienza contemporanea e della tecnica moderna$9(OLS)http://pul/title/178434 996 $6260$aMilano :$bBompiani$9(OLS)http://pul/publisher/48240